Book Titles with Shared First Words - Statistics

General Stats
  • This quiz has been taken 15,113 times
  • The average score is 18 of 24
Answer Stats
Hint Answer % Correct
of Champions, at Tiffany's Breakfast
95%
of the Flies, Jim Lord
93%
Mice and Men, Human Bondage Of
93%
Quixote, Juan Don
91%
Horse, and Peace War
90%
the King's Men, Quiet on the Western Front All
89%
Whom the Bell Tolls, Your Eyes Only For
89%
Then There Were None, the Band Played On And
88%
Claudius, Robot I,
87%
-22, Me When I Fall Catch
86%
Pastoral, Psycho American
82%
Karenina, Lombard Anna
79%
Dorrit, Women Little
77%
in the Time of Cholera, Story Love
75%
in Venice, on the Nile Death
68%
Chatterley's Lover, in The Lake Lady
66%
the Road, Chesil Beach On
64%
Day's Journey Into Night, Walk to Freedom Long
58%
Lost, Regained Paradise
58%
the Dome, the Skin Under
57%
Beauty, Orchid Black
54%
Comfort Farm, Mountain Cold
42%
Choice, World Sophie's
42%
from the Underground, from a Small Island Notes
30%
No matching quizzes found
Score Distribution
Percent of People with Each Score
Percentile by Number Answered
Your Score History
You have not taken this quiz